000 00446nam a2200169Ia 4500
001 7408
003 IN-NITTTR
005 20251114233028.0
008 251113s9999||||xx |||||||||||||| ||eng||
040 _beng
040 _cIN-NITTTR
041 _aeng
082 _a624.1715 L627M
100 _aLighfoot, Edgar
245 0 _aMoment distribution :
_b a rapid method of analysis for rigid- jointed structures /
_cLighfoot, Edgar
942 _2ddc
_cBK
999 _c10046
_d10046